| 000 | 01099nam a2200289 a 4500 | ||
|---|---|---|---|
| 001 | BRCA_6456 | ||
| 005 | 20190320205448.0 | ||
| 008 | 240911s1941----nyua######---#000-0#eng-# | ||
| 041 | _aeng | ||
| 044 | _anyu | ||
| 050 | 4 |
_aNK5162 _b.F76 1 1941 |
|
| 100 | 1 |
_aFrothingham, Alice Wilson _916128 |
|
| 245 | 1 | 0 |
_aHispanic glass _bwith examples in the collection of the Hispanic Society of America _cby Alice Wilson Frothingham. |
| 260 |
_aNueva York _bOrder of the Trustees _c1941 |
||
| 300 |
_axviii, 204 p. _bil., 19 láminas _c23 cm. |
||
| 440 | 0 |
_aHispanic Notes & Monographs : essays, studies, and brief biographies issued by the Hispanic Society of America _pCatalogue series _914712 |
|
| 500 | _aIncluye índice alfabético | ||
| 500 | _aSeparadores en láminas con letra de Franz Mayer | ||
| 500 | _aEjemplar igual a M81 y 31-58 (3158) | ||
| 500 | _aM59 | ||
| 504 | _aBibliografía: p. 192-195 | ||
| 610 | 2 | 4 |
_aHispanic Society of America _vCatálogos _916129 |
| 650 | 1 | 4 |
_aVidrio _zEspaña _97731 |
| 650 | 1 | 4 |
_aGalerías y museos _zEstados Unidos _97437 |
| 902 | _aGFM | ||
| 942 |
_2lcc _cB |
||
| 999 |
_c6140 _d6140 |
||